[Event "Ciocaltea Memorial"]
[Site "Bucharest"]
[Date "1999.03.10"]
[Round "7"]
[White "Vajda, Levente"]
[Black "Conquest, Stuart"]
[Result "1-0"]
[WhiteElo "2484"]
[BlackElo "2488"]
[Annotator "Finkel,A"]
[PlyCount "133"]
[EventDate "1999.03.04"]
[EventType "tourn"]
[EventRounds "13"]
[EventCountry "ROU"]
[EventCategory "10"]
[SourceTitle "CBM 070"]
[Source "ChessBase"]
[SourceDate "1999.06.08"]
[SourceVersion "1"]
[SourceVersionDate "1999.06.08"]
[SourceQuality "1"]

1. e4 Nf6 2. e5 Nd5 3. Nf3 d6 4. Bc4 Nb6 5. Bb3 d5 6. d4 Bg4 7. h3 Bxf3 8. Qxf3
e6 9. O-O c5 10. c3 (10. dxc5 $6 Bxc5 11. Qg3 g6 12. Bh6 Nc6 13. Nc3 $6 Nd4 $1
14. Qd3 Nf5 $15 {Kuijf,M-Bagirov,V/OHRA-B 1989 (22)}) 10... Nc6 11. Be3 Qh4 $5
{The idea behind this move is to exchange the darksquared bishops,but it's
very hard to say in whose favour this exchange turns out to be.} (11... g6 $5)
(11... Qc7 $5 12. Nd2 Be7 13. Qg3 g6 14. Rac1 c4 15. Bc2 h5 16. Bg5 $14 {
Ploner,F-Posch,W/AUT-chT 1993 (35)}) 12. Rd1 Be7 13. Kh2 Bg5 14. g3 Qh6 15.
Bxg5 Qxg5 16. Qe2 cxd4 {The other possibility was to keep the pressure in the
center by} (16... Qe7 17. Qe3 Nd7 18. Nd2 O-O 19. f4 cxd4 20. cxd4 f5 21. Rac1
$14) 17. cxd4 O-O 18. Nc3 f5 $5 (18... Rac8 19. f4 Qe7 20. Rac1 a6 $14) 19. f4
Qe7 20. a3 g5 $6 {Starting the actions on the kingside,but white is better
prepared for it and very soon black finds himself in troubles.After logical} (
20... a6 21. Rac1 Rac8 $14 {white keeps minimal advantage,but black has very
solid position.}) 21. Qf2 $1 $14 ({Of course not} 21. fxg5 $6 Qxg5 22. Rd3 Kh8
23. Rf1 f4 24. Nb5 (24. Qg4 $2 Qxg4 25. hxg4 fxg3+ {[%csl Rd4]} 26. Kg2 Rxf1
27. Kxf1 Rg8 $17) (24. Qg2 fxg3+ 25. Rxg3 Qxg3+ $1 26. Qxg3 Rxf1 $15) 24... a6
25. gxf4 (25. Nc7 Nxd4 $1 26. Rxd4 Qxg3+ 27. Kh1 Qxh3+ 28. Kg1 Rg8+ $19) 25...
Rxf4 26. Nd6 (26. Nc7 Nxd4 27. Rxd4 Rxd4 28. Nxe6 Rd2 $17) 26... Raf8 27. Qe3
Qh4 $36 {and black has an upper hand.}) 21... Kh8 22. fxg5 Qxg5 23. Ne2 Rg8 (
23... Rae8 $5 24. Rac1 Re7 25. Nf4 Qh6 26. Rd3 Rg8 27. Rdc3 Reg7 28. Bd1 Nc4
29. a4 $14) 24. Nf4 Qh6 25. Rac1 Rg5 26. Rc3 {Defending the pawn on g3,which
is the only weakness in the position of white.} Rag8 27. Rdd3 $1 {[%cal Gb3d1,
Gd1e2,Gh3h4,Gf4h5,Gh5f6] Transfering the bishop to e2.} R5g7 28. Bd1 Re7 ({
Nothing changes} 28... Nd7 29. Be2 Nf8 30. Rd1 Re7 31. Rdc1 $16 {and white is
dominating.}) 29. Be2 Nd8 30. h4 Nc6 (30... Nc4 31. Rc2 Reg7 32. Rdc3 Nf7 33.
Nh5 Rg6 34. Nf6 $16) 31. Rd1 Qf8 32. b4 Nd8 33. Rdc1 Nf7 34. Nh5 Qb8 35. g4 $1
{White has maximally strengthen the position of the pieces and it's just the
right time for this break.} Nh6 36. g5 $16 Nf7 37. Nf6 Rf8 38. Qg3 Nd8 39. b5
Rg7 40. h5 $6 {This move still doesn't spoil anything,but after simple} (40.
Qf3 $1 Nf7 41. Qh5 Nd8 42. Bd3 Nf7 43. Kh1 $18 {black can resign,because he is
totally tied up and any move leads to material losses.}) 40... Nf7 41. g6 Nd6 (
41... h6 42. Rc7 Ng5 43. Qc3 Na4 44. Qc2 $18) 42. Nxh7 $6 ({More convincing was
} 42. Rc7 $1 Rxc7 43. exd6 Rg7 44. Nxh7 f4 (44... Rxh7 45. Qe5+ Rg7 46. h6 Rfg8
47. Rc7 $18) 45. Qg5 Rf5 46. Qh6 Kg8 47. Bd3 $16 {with huge advantage.}) 42...
Ne4 43. Nxf8 $2 {This is mistake which could destroy everything!It was
nessasary to play} (43. Qf4 Rxh7 44. gxh7 Nxc3 45. Rxc3 $16 {keeping very
significient adge.}) 43... Nxg3 44. Rxg3 Qxf8 45. h6 Rh7 $2 {By this move
black rejacts to accept the present from white's hands!After} (45... Rxg6 $1
46. Rxg6 Qxa3 47. Rcg1 Qe3 $1 48. Rg8+ Kh7 49. R8g7+ Kh8 $11 {the draw seems
to be the most likely result.}) 46. g7+ Qxg7 47. Rxg7 Rxh6+ 48. Kg3 Kxg7 49.
Rc7+ Kg6 50. Rxb7 {Now white is again on the horse!} Rh7 51. Rb8 Kf7 52. Bd1 $1
$16 {[%cal Ga3a4]} Nc4 (52... Rh1 53. Bf3 Rb1 54. Rb7+ Kf8 55. Rxa7 Rxb5 56. a4
Rb3 57. Rb7 $18) 53. a4 Kg6 54. Be2 Rc7 55. Re8 $1 {[%csl Re6]} Nd2 ({Nothing
changes} 55... Kg5 56. Rg8+ Kh6 57. Kf4 Na3 58. Re8 Nc2 59. Rxe6+ Kg7 60. Rd6
Nxd4 61. Bd3 $18 {with winning position.}) 56. Kf4 Nb3 57. Rxe6+ Kg7 58. Bh5
Nxd4 59. Rd6 $18 {Black can't protect the pawns on d5 and f5 and the end is
very close.} Rc1 60. Rxd5 Rf1+ 61. Kg3 (61. Ke3 $18) 61... Nc2 62. Rd7+ Kh6 63.
Be2 Re1 64. Bd3 Nb4 65. Kf4 Rd1 66. e6 $1 {Finishing the game in the style!}
Rxd3 (66... Nxd3+ 67. Rxd3 Rxd3 68. e7 $18) 67. e7 1-0

[Event "Hamburg-ch int"]
[Site "Hamburg"]
[Date "1999.05.27"]
[Round "6.8"]
[White "Trisic, Aleksandar"]
[Black "Joecks, Christian"]
[Result "1-0"]
[WhiteElo "2317"]
[BlackElo "2415"]
[Annotator "Finkel,A"]
[PlyCount "37"]
[EventDate "1999.05.22"]
[EventType "swiss"]
[EventRounds "9"]
[EventCountry "GER"]
[SourceTitle "CBM 072"]
[Source "ChessBase"]
[SourceDate "1999.10.01"]
[SourceVersion "1"]
[SourceVersionDate "1999.10.01"]
[SourceQuality "1"]

1. e4 Nf6 2. Nc3 d5 3. exd5 Nxd5 4. Bc4 Nxc3 5. bxc3 $5 (5. Qf3) 5... e6 6. d4
Be7 7. Nf3 O-O 8. O-O Nd7 (8... c5 9. Qe2 Nc6 10. Rd1 (10. Ba3 $6 Qa5 11. Bb2
Bd7 12. a4 Rac8 13. Rfb1 Rfd8 $15 {Carton,P-Werner,D/Oberursel 1989}) 10... Qa5
11. Bd2 Qc7 12. Bd3 cxd4 $6 13. cxd4 Nb4 14. Bc4 $14 {Durnik,S-Schuettig,R/
Myslenice 1988}) 9. Qe2 c5 (9... b6 10. Qe4 Rb8 11. Bd3 g6 12. Bh6 Re8 13. Qe3
Bb7 14. Ng5 Bf8 15. Qh3 $36 {Kasparian,G-Yudovich,M/URS-ch15 1947}) (9... Nf6
10. Ne5 c5 11. dxc5 $6 Bxc5 12. Bg5 Qc7 13. Bxf6 gxf6 14. Ng4 Qf4 15. Qe4 Qg5
$15 {Sergeant,E-Christoffel,M/Hastings4546 1945}) 10. Rb1 (10. Bd3 Nf6 11. Bg5
(11. Be3 Qc7 12. c4 b6 13. c3 Bb7 14. Ne5 Rfd8 15. Qc2 Rac8 16. Rac1 Qb8 $132 {
Kemna,G-Witzke,O/NRW-II 1989}) 11... Nd5 12. Bd2 Bd7 13. Ne5 Bc6 14. Rad1 Nf6
15. Bg5 $36 {Rozentalis,E-Begovac,F/Bern op 1992}) (10. Rd1 Re8 11. Ne5 Nxe5
12. dxe5 $1 Qc7 13. Rd3 g6 14. Bf4 Bd7 15. Rh3 $40 {Bastian,M-Schmidbauer,F/St.
Ingbert op 1991}) 10... Qc7 11. Bd3 Nf6 12. c4 $6 {Extremly strange decision,
which however payed off in the game.After logical} (12. Bg5 $5 Nd5 (12... Bd7
$6 13. Bxf6 Bxf6 14. Qe4 g6 15. Rxb7 $16) 13. Bxe7 Qxe7 14. Qe4 g6 15. Rb3 b6
16. c4 Nc7 17. c3 $14 {white would keep an advantage.}) 12... cxd4 13. Nxd4 a6
({Another possibility was} 13... b6 14. Nf3 (14. Nb5 Qc6 15. Nd4 Qc7 16. Nb5
$11) 14... Bb7 15. Ne5 Rad8 16. Bb2 Rd6 $15 {with comfortable advantage.}) 14.
Nf3 Bd7 15. Bb2 Bc6 16. Ne5 Rad8 (16... Rfd8 17. Qe3) 17. Qe3 Nd7 $2 {Removing
from the kingside the only piece defending the king!} (17... Bd6 $5) 18. Ng4 $1
{[%csl Rg8][%cal Gb2g7]} Bf6 $2 {As it oftenly happens one mistake drags the
other.After} (18... e5 $8 19. Nxe5 Nxe5 20. Bxe5 Bd6 21. Qh3 h6 22. Qf5 g6 23.
Bxd6 Rxd6 24. Qf4 $14 {nothing would be clear yet.}) (18... Rfe8 $2 19. Bxg7 $1
f5 20. Qh6 $1 $18 {[%cal Gd3h7]}) 19. Qh3 (19. Qh3 h6 20. Nxh6+ $1 gxh6 21.
Qxh6 $18) 1-0

[Event "EtVas Vantaa GM"]
[Site "Myyrmanni"]
[Date "1999.07.21"]
[Round "2"]
[White "Nouro, Mikael"]
[Black "Westerinen, Heikki MJ"]
[Result "0-1"]
[WhiteElo "2344"]
[BlackElo "2382"]
[Annotator "Finkel,A"]
[PlyCount "48"]
[EventDate "1999.07.20"]
[EventType "tourn"]
[EventRounds "9"]
[EventCountry "FIN"]
[EventCategory "8"]
[SourceTitle "CBM 072"]
[Source "ChessBase"]
[SourceDate "1999.10.01"]
[SourceVersion "1"]
[SourceVersionDate "1999.10.01"]
[SourceQuality "1"]

1. e4 Nf6 2. e5 Nd5 3. g3 d6 4. exd6 Qxd6 5. Bg2 g6 6. d4 (6. Ne2 Bg7 7. O-O (
7. Nbc3 Nxc3 8. Nxc3 O-O 9. O-O c6 10. Ne4 Qc7 11. d4 Bf5 12. c3 $14 {Paz,
D-Panchenko,A/Albacete op 1995}) 7... O-O (7... Bg4 $5 8. h3 Bxe2 9. Qxe2 c6
10. c3 O-O 11. d4 Nd7 12. Nd2 e6 13. Nc4 Qc7 14. Ne3 a6 $132 {Krustkalns,
K-Iljin,S/Komercni Banka op 1996}) 8. d4 c6 9. c4 Nc7 10. Bf4 Qd8 11. Nbc3 Nd7
12. d5 cxd5 13. cxd5 $14 {Nouro,M-Kilpi,T/Jyvaskyla op2 1996}) 6... Bg7 (6...
c6 7. Nf3 Qe6+ 8. Qe2 Qxe2+ 9. Kxe2 Bf5 10. c4 Nb4 $13 {Ulfarsson,
M-Halldorsson,G/Hafnarfjordur op 1995}) 7. Ne2 Nc6 (7... Bg4 8. O-O c6 9. c4
Nc7 10. Nbc3 Qd8 11. h3 Bxe2 12. Nxe2 O-O 13. Qb3 Qc8 14. d5 $1 $36 {Kerek,
K-Majer,D/Budapest FS02 IM 1997}) 8. c4 Nf6 ({Of course not} 8... Qb4+ $2 9.
Bd2 Qxb2 10. cxd5 Qxa1 11. dxc6 $16 {with huge advantage.}) 9. c5 $5 Qd8 10. d5
Ne5 11. f4 (11. Bf4 Nfd7 {[%csl Rc5]} 12. c6 Nc5 13. O-O bxc6 14. dxc6 Ned3 15.
Nbc3 O-O $13) 11... Ned7 12. Be3 O-O 13. Nbc3 $14 c6 $1 {Fully justified
sacrifice promising black good counterchanses in forthcoming struggle.} (13...
Re8 14. O-O e5 15. c6 $5 Nb6 16. fxe5 Rxe5 17. Bd4 Re8 18. d6 $1 $36 {[%cal
Gg2a8]}) 14. dxc6 bxc6 15. Bxc6 Rb8 16. Bf3 ({Also after} 16. Qd2 Qc7 17. Bxd7
Bxd7 $1 (17... Nxd7 18. Nd5 Qd8 19. Bd4 $1 Bb7 20. Bxg7 Kxg7 21. Qc3+ Kg8 (
21... f6 $2 22. c6 Rc8 23. Nd4 $18) 22. c6 (22. Rd1 Rc8 23. Qb4 Bxd5 24. Rxd5
Qc7 $11) 22... Rc8 23. Qb4 $1 $16) 18. O-O Rfd8 19. Bd4 Bg4 $44 {black has
sufficient counterchanses.}) 16... Rxb2 17. O-O Qc7 18. Qc1 (18. Na4 Rb8 19. c6
Nb6 20. Nxb6 axb6 21. Rc1 Rd8 22. Nd4 Ba6 $13) 18... Rb4 19. c6 Nb8 (19... Nb6
$2 20. Qa3 Rc4 21. Nb5 $16) 20. Qa3 $6 ({It was correct to play} 20. Nd4 $1 Ba6
21. Rd1 $14 {keeping an advantage due to strong pawn on c6.}) 20... Nxc6 $1 21.
Bxc6 $2 {As Ozzy Osbourne sings in one of his songs:''suicide-solution''!After
reasonable} (21. Rac1 {[%cal Gc1c7]} Bb7 $1 22. Bc5 a5 $5 23. Nd1 $13 {things
are far from being clear.}) 21... Qxc6 22. Qxb4 Bb7 $19 {[%csl Rg1][%cal Gb7g2]
Now everything is over:white can do nothing to prevent the lethal threats over
the diagonal h1-a8.} 23. Ne4 (23. Kf2 Ng4+ $19) 23... Nxe4 24. Rfc1 Nc3 $1 0-1

[Event "New York op"]
[Site "New York"]
[Date "1997.??.??"]
[Round "?"]
[White "Rozentalis, Eduardas"]
[Black "Miles, Anthony John"]
[Result "1/2-1/2"]
[WhiteElo "2650"]
[BlackElo "2550"]
[Annotator "Finkel,A"]
[PlyCount "54"]
[EventDate "1997.04.02"]
[EventType "swiss"]
[EventRounds "9"]
[EventCountry "USA"]
[SourceTitle "CBM 057 Extra"]
[Source "ChessBase"]
[SourceDate "1997.05.01"]
[SourceVersion "1"]
[SourceVersionDate "1997.05.01"]
[SourceQuality "1"]

1. e4 Nf6 2. e5 Nd5 3. g3 {White can't fight for advantage with this move,but
it's very typical for Rozentalis' pure positional style} d6 4. exd6 exd6 5. Bg2
Nf6 6. d4 Be7 (6... d5 7. Nf3 (7. Ne2 Bd6 8. O-O O-O 9. Bg5 c6 10. Qd3 Bg4 11.
Nbc3 h6 $11 {Nisipeanu,L-Grunberg,M/ROM-chT 1994 (16)}) 7... Bb4+ $5 (7... Be7
8. O-O O-O (8... Bf5 $5 9. Nh4 Be6 10. f4 O-O 11. f5 Bc8 12. Nc3 c5 $1 13. dxc5
Bxc5+ 14. Kh1 d4 15. Na4 Be7 16. c3 dxc3 $11 {1/2-1/2 Kuczynski,R-Bagirov,V/BL
1994}) 9. Ne5 Nbd7 10. Nc3 c6 11. f4 $14 Nxe5 12. fxe5 Ne8 13. Qh5 f5 $2 (13...
f6 14. Bf4 $14) 14. Ne2 Nc7 15. c3 Ne6 16. h4 $36 {Rozentalis,E-Appel,R/
Deutschland 1994 (42)}) 8. c3 Be7 9. O-O O-O 10. Ne5 c6 11. Nd2 Nbd7 12. f4 Ne8
13. Qh5 Nd6 14. b3 g6 $13 {Belikov,V-Bratchenko,A/RUS-chT Moscow 1994 (18)}) 7.
c4 (7. Nf3 O-O 8. O-O Re8 (8... c6 $5 9. Re1 Re8 10. Nc3 d5 11. Ne5 Bf5 12. Bf4
Nbd7 $11 {Kveinys,A-Kengis,E/Bonn GSK-3 Bad Godesburg 1996 (15)}) 9. h3 Bf8 10.
c4 Nc6 11. Nc3 Bf5 12. Nh4 Bd7 13. Be3 $14 {Ulfarsson,M-Boric,M/Berliner
Sommer 1995 (33)}) 7... d5 8. c5 ({Although} 8. cxd5 Nxd5 9. Nc3 Be6 10. Nge2
O-O 11. O-O c6 12. Nf4 Nxf4 13. Bxf4 Bf6 {gives nothing to white}) 8... O-O 9.
Ne2 b6 10. cxb6 axb6 11. O-O Ne4 12. f3 Nd6 13. Nbc3 c6 14. Bf4 Re8 15. b3 Nd7
(15... Nf5 $1 16. Qd2 Ba6 17. Rfe1 Bb4 18. Bf1 (18. a3 $2 Rxe2 $1 19. Rxe2 Bxc3
$19) 18... Nd7 {would cause white more serious problems}) 16. Qd2 Nf8 17. Rae1
Ng6 18. Bxd6 $6 Bxd6 19. f4 Bf5 20. Nd1 $6 Nf8 (20... Be4 $5 21. f5 Bxg2 22.
Kxg2 Nf8 23. f6 $5 gxf6 24. Ne3 Bb4 25. Qxb4 Rxe3 26. Nc3 Rxe1 27. Rxe1 Ne6 $15
) 21. Nec3 Qf6 (21... Qd7 $15) 22. Ne3 Bb4 $1 23. Re2 Qg6 $1 24. Rfe1 Be4 $6 (
24... Bb1 $1 25. a4 (25. a3 Rxa3 26. Nexd5 Rxe2 27. Qxe2 cxd5 28. Nxb1 Rxb3 $19
) (25. Qb2 Bd3 26. Rf2 Qf6 $19) 25... Qd3 $1 $19) 25. Nc4 $1 $11 dxc4 (25...
Rxa2 26. Qxa2 Bxc3 27. Bxe4 Bxd4+ 28. Kh1 dxe4 $13) 26. Bxe4 f5 27. Bf3 cxb3
1/2-1/2

[Event "Petrov Memorial op"]
[Site "St Petersburg"]
[Date "2000.02.16"]
[Round "9"]
[White "Kalugin, Sergey V"]
[Black "Hachatrian, Vahagn"]
[Result "1-0"]
[WhiteElo "2497"]
[BlackElo "2370"]
[Annotator "Finkel,A"]
[PlyCount "69"]
[EventDate "2000.02.05"]
[EventType "swiss"]
[EventRounds "9"]
[EventCountry "RUS"]
[SourceTitle "CBM 076"]
[Source "ChessBase"]
[SourceDate "2000.05.31"]
[SourceVersion "1"]
[SourceVersionDate "2000.05.31"]
[SourceQuality "1"]

{[%mdl 10240]} 1. e4 Nf6 2. e5 Nd5 3. c4 Nb6 4. b3 $5 {Definitly not the best
way to play against Alekhin defense,but not that bad either.} d6 (4... g6 5.
Qf3 c5 6. Bb2 Nc6 7. d4 e6 8. dxc5 Bxc5 9. Nd2 O-O 10. O-O-O d5 11. exd6 $13 {
Dutschak,H-Konopka,M/Neckar op 1st 1997}) 5. exd6 exd6 (5... cxd6 6. Bb2 e5 $6
7. d4 Nc6 8. Nf3 $14 {Cueto,J-Riline Orso,A/WchJT U26 1997}) 6. Bb2 Nc6 (6...
d5 7. Nf3 Nc6 8. Be2 Be6 9. d3 Be7 10. Nbd2 O-O $11 {Theocharides,C-Dyachkov,S/
EU-chJM U20 1996}) 7. Nf3 Bg4 ({Another good possibility was} 7... Bf5 8. Be2
Be7 9. O-O O-O 10. d4 Bf6 11. Qd2 d5 12. Na3 Re8 13. Rfe1 Be4 14. Rad1 Qd7 $132
{with good chanses for black; Carvalho,A-Regan,N/Zone 1.1 (women) 1999}) 8. Be2
d5 9. O-O dxc4 (9... Qd7 10. Na3 O-O-O 11. d3 dxc4 12. Nxc4 f6 $13) 10. bxc4
Qd7 11. Nd4 Bxe2 ({Missing the opportunity to sieze the initiative after} 11...
Nxd4 $1 12. Bxg4 f5 13. Re1+ Kf7 14. Be2 Bc5 $15) 12. Qxe2+ Qe7 13. Qg4 $5 {
Keeping black king in the center} (13. Re1 Qxe2 (13... O-O-O 14. Nxc6 Qxe2 15.
Nxa7+ Kb8 16. Rxe2 Nxc4 17. Nc6+ bxc6 18. Bc3 $14) 14. Rxe2+ Ne7 15. Na3 Na4
$13) 13... Nxd4 (13... Ne5 $6 14. Qg3 Nbxc4 $2 (14... Nexc4 $2 15. Nf5 $1 {
[%csl Rg7][%cal Gb2g7]}) 15. Bc3 O-O-O 16. d3 Nd6 17. Re1 Re8 18. f4 $18) 14.
Qxd4 Rd8 15. Qf4 (15. Qg4 $6 Qe6 $15) 15... Kd7 $8 {Trying to find the shelter
on the queenside} (15... Qe2 $2 16. Na3 Qxd2 17. Rfe1+ Be7 18. Qe5 $5 $16) (
15... f6 $6 16. Na3 Qd6 17. Qe3+ Be7 18. d4 $16) 16. c5 $1 Nd5 (16... Qxc5 17.
Rc1 Re8 $1 (17... Qd6 18. Be5 $16) 18. Na3 Qd6 19. Qxf7+ Re7 20. Qf5+ $36) 17.
Qa4+ Kc8 18. Rc1 $6 (18. Qxa7 c6 (18... Qxc5 19. Qa8+ Kd7 20. Qxb7 Bd6 21. Qb3
$16) 19. Qa8+ Kc7 20. Qa5+ Kc8 (20... Kb8 21. Be5+ $1 Nc7 22. Bd6 $1 Qd7 23.
Bf4 $16) 21. d4 $14) 18... Kb8 19. Nc3 Nxc3 20. Bxc3 Qd7 21. Qa5 Qc6 $13 22.
Rab1 Be7 $2 {After this move white develops strong initiative and black proves
to be helpless against it.It was necessary to play.} (22... Qxc5 $5 23. Qxc5
Bxc5 24. Bxg7 Rhg8 25. Bf6 Rd6 26. Be7 Bxf2+ $1 27. Kxf2 Rxd2+ 28. Kf3 Rgxg2
$132 {with unclear position.}) 23. d4 Bf6 24. Rb4 {[%csl Rb7][%cal Gc1b1]} Rd5
(24... Ka8 $6 25. Rcb1 Rb8 26. d5 $1 Qa6 (26... Qxd5 $2 27. Qxa7+ $1 Kxa7 28.
Ra4#) 27. Qxa6 bxa6 28. Rxb8+ Rxb8 29. Rxb8+ Kxb8 30. Bxf6 gxf6 31. f4 $18) 25.
Rcb1 b6 26. Qa6 Bd8 27. a4 h5 28. Bd2 $5 {[%cal Ga4a5]} (28. a5 Rh6 29. Ra1 (
29. axb6 cxb6 30. Ra1 Rd7 31. cxb6 Bxb6 32. Rc4 Qb7 $13) 29... Rd7 30. Bd2 $16)
28... g5 29. a5 Rh6 30. h4 $1 $18 {[%cal Gd2h6]} Rg6 31. axb6 cxb6 32. cxb6
Bxb6 33. hxg5 Qb7 (33... Qd6 34. Rxb6+ axb6 35. Ra1 $1 (35. Rxb6+ Qxb6 36. Bf4+
Qd6 $16) 35... Qc6 36. Bf4+ $18) 34. Bf4+ Ka8 35. Rxb6 $1 1-0

[Event "Olympiad-36"]
[Site "Mallorca"]
[Date "2004.10.18"]
[Round "4"]
[White "Torre, Eugenio"]
[Black "Baburin, Alexander"]
[Result "1-0"]
[WhiteElo "2518"]
[BlackElo "2527"]
[Annotator "Finkel,A"]
[PlyCount "103"]
[EventDate "2004.10.15"]
[EventType "team-swiss"]
[EventRounds "14"]
[EventCountry "ESP"]
[SourceTitle "CBM 104"]
[Source "ChessBase"]
[SourceDate "2005.01.27"]
[SourceVersion "1"]
[SourceVersionDate "2005.01.27"]
[SourceQuality "1"]
[WhiteTeam "Philippines"]
[BlackTeam "Ireland"]
[WhiteTeamCountry "PHI"]
[BlackTeamCountry "IRL"]

1. e4 Nf6 2. e5 Nd5 3. c4 Nb6 4. c5 $5 {An interesting try to fight for the
opening advantage, however white has more than enough promising plans except
of this one, so it's hard to recommend it as a weapon against the Alekhine
defence.} Nd5 5. Bc4 e6 6. d4 b6 7. Bxd5 exd5 8. Nf3 Be7 (8... bxc5 9. dxc5 c6
10. Qd4 a5 11. Be3 Na6 12. Qc3 Qe7 13. Qxa5 Rb8 14. O-O Rb5 $132 {Potkin,
V-Chigladze,I/Batumi 2002}) (8... Ba6 9. Bg5 (9. Nc3 c6 10. b4 Bc4 11. Nd2 Bd3
12. Qf3 Bg6 13. O-O a5 14. Na4 bxc5 15. bxc5 Be7 16. Qh3 $14 {Jakovenko,
D-Piven,I/Dos Hermanas 2004}) 9... Be7 10. Bxe7 Qxe7 11. Nc3 c6 12. b4 O-O 13.
Rb1 $14 {Molander,R-Suominen,A/Espoo 2003}) 9. O-O O-O (9... c6 10. Be3 Na6 11.
Qc2 O-O 12. Nbd2 Nc7 13. Rfe1 Ne6 14. Nf1 f5 15. exf6 Bxf6 16. Ng3 $14 {
Molander,R-Solozhenkin,E/Jyvaskyla 2003}) 10. Nc3 c6 11. b4 Na6 12. a3 $14 {
White is playing against the lightsquared bishop of black. As long as black is
deprived of the possibility to push d6 white is on top.} Nc7 13. Re1 Ne6 14.
Ne2 (14. Rb1) 14... a5 15. Be3 f6 $1 {Black is trying to bring the bishop back
to life.} 16. exf6 Rxf6 ({Another promising idea was} 16... Bxf6 $5 17. Nf4 d6
18. Nxe6 (18. cxb6 Nxf4 19. Bxf4 axb4 20. axb4 Rb8 21. b5 cxb5 22. Qb3 Rxb6 23.
Qxd5+ Kh8 $13) 18... Bxe6 19. Bf4 Bg4 20. Bxd6 Rf7 21. Qd3 Bxf3 22. gxf3 b5 $44
{with compensation fo the pawn.}) 17. Ne5 Qc7 18. Rc1 axb4 19. axb4 bxc5 20.
bxc5 Rf8 $1 {[%cal Ge6c5]} (20... Nxc5 $2 21. Ng4 Ne6 (21... Rg6 22. Nf4 $18)
22. Nxf6+ Bxf6 23. Qd2 $16) 21. Nc3 Bxc5 $11 {After the move in the game the
position becomes completely balanced.} (21... d6 22. cxd6 Qxd6 23. Na4 Ra6 $11)
22. Nxd5 cxd5 23. Nd3 (23. Nf3 Bb7 24. dxc5 d6 25. cxd6 Qxd6 $11) 23... d6 24.
dxc5 d4 25. cxd6 Qxd6 26. Bd2 Bb7 27. Re5 Rf6 28. Bb4 Qb6 29. Qb3 Kh8 30. f3 $6
Nf4 $1 {White was playing quite careless chess and black succeeded to build up
some pressure.} (30... Ba6 31. Qa4 Qb8 32. Ra5 Nf4 33. Nxf4 Qxf4 34. Re1 h6 $11
) 31. Rce1 $2 {A blunder based on misculculation.} (31. Nxf4 d3+ 32. Kh1 Rxf4
33. Rce1 Bc6 34. Qe6 Rxf3 35. Bc5 Qb5 36. gxf3 d2 37. Bf2 dxe1=Q+ 38. Rxe1
Bxf3+ 39. Kg1 $15) 31... Rg8 $2 {Refusing to accept a present! After correct} (
31... Nxd3 $1 32. Re8+ (32. Qxd3 Qxb4 33. Re8+ Rf8 34. Rb1 Ba6 $19) 32... Rf8
$1 {Appearently this move slipped from Baburin's attention.} 33. Bxf8 Qxb3 34.
Bd6+ Rxe8 35. Rxe8+ Qg8 $19 {winning.}) 32. Nxf4 d3+ 33. Kh1 Rxf4 34. Re8 Rff8
35. Rxf8 Rxf8 36. Qc3 Rg8 (36... Rc8 $2 37. Qxc8+ Bxc8 38. Re8#) 37. Re7 $36 {
Black should hold this position of course, but he has to be carefull since the
pawn on g7 is a target for the white pieces.} h6 38. h3 Ba8 $6 (38... Ba6) 39.
Rd7 Qc6 40. Qd4 $1 Qg6 41. Bc3 Kh7 42. Rd6 Qf5 43. Kh2 d2 44. Rd7 Qg6 45. Qxd2
Qf5 46. Qd4 Qg6 47. Rd6 Qf5 48. Rd8 Qf7 49. Rd7 Qg6 50. Bb2 (50. Qe5 $5 {
[%cal Gh3h5]}) 50... Kh8 $2 51. Rd6 $18 {[%csl Rh6][%cal Gb2h8]} Qh5 52. Qg4 $1
(52. Qg4 Qxg4 53. Rxh6#) 1-0